| 000 | 00765nam a2200253Ia 4500 | ||
|---|---|---|---|
| 003 | OSt | ||
| 005 | 20220918180212.0 | ||
| 006 | a|||||r|||| 00| 0 | ||
| 007 | ta | ||
| 008 | 220917b |||||||| |||| 00| 0 eng d | ||
| 024 | _a21,092 | ||
| 037 | _cTextual | ||
| 040 |
_aARTS _cARTS _beng |
||
| 041 |
_2eng _aeng |
||
| 082 | _aV218:72.D3, K2 | ||
| 100 |
_aSubrahmanyam R. _955836 |
||
| 245 | 0 | _aTundi copper plate grant of Vishnukundin King Vikramendraverma , ed by N Ramesan | |
| 260 |
_aHyderabad _bGovernment Of Andhra Pradesh _c1962 |
||
| 300 |
_a48p. illus _ccm. |
||
| 490 | _aAndhra Pradesh Government Archaelogical series; 8 | ||
| 650 | _aHISTORY | ||
| 942 |
_hV218:72.D3, K2 _cTEXL _2CC |
||
| 999 |
_c160705 _d160705 |
||